|
|
|
|
| LEADER |
00000nam0a2200000 4500 |
| 001 |
358031 |
| 005 |
20231102011043.0 |
| 035 |
|
|
|a (RuTPU)RU\TPU\retro\15299
|
| 090 |
|
|
|a 358031
|
| 100 |
|
|
|a 20200812d1914 km y0rusy50 ca
|
| 101 |
0 |
|
|a rus
|a ger
|
| 102 |
|
|
|a RU
|
| 105 |
|
|
|a a z 001zy
|
| 200 |
1 |
|
|a О включении гранита в андезит близ сел. Б. Каракуба Мариупольского уезда Екатеринославской губернии
|e с одной таблицей
|e отдельный оттиск
|f П. П. Сущинский
|g Алексеевский Донской политехнический институт (1909-)
|
| 210 |
|
|
|a Новочеркасск
|c Типография К. Маттисена
|d 1914
|
| 215 |
|
|
|a [3], 16 с.
|c ил.
|
| 225 |
1 |
|
|a Известия Алексеевского Донского политехнического института
|i Т. 3, Вып. 1 1914
|
| 300 |
|
|
|a Текст в русской дореформенной орфографии
|
| 316 |
|
|
|5 63413507: 52//662
|a На обложке дарственная надпись: "Многоуважаемому Аркадию Валериановичу Лаврскому от автора"
|
| 317 |
|
|
|5 63413507: 52//662
|a Поступил в НТБ в 1945 г. в составе книжного собрания профессора ТПИ А. В. Лаврского
|
| 320 |
|
|
|a Библиография в ссылках
|
| 510 |
1 |
|
|a Ueber einen Graniteininschluss im Andesit beim Dorf Karakuba, Rreis Mariupol, Gouv. Ecatirinoslaw
|z ger
|
| 606 |
1 |
|
|a Гранитоиды
|x Минералогический состав
|2 stltpush
|3 (RuTPU)RU\TPU\subj\8545
|9 35938
|
| 610 |
1 |
|
|a андезиты
|
| 610 |
1 |
|
|a граниты
|
| 610 |
1 |
|
|a включения
|
| 610 |
1 |
|
|a Мариуполь
|
| 610 |
1 |
|
|a Екатеринославская губерния
|
| 610 |
1 |
|
|a петрографические исследования
|
| 610 |
1 |
|
|a Коллекция А. В. Лаврского
|
| 610 |
1 |
|
|a дарственные надписи
|
| 610 |
1 |
|
|a дары автора
|
| 675 |
|
|
|a 552.321.1/.3
|v 4
|
| 700 |
|
1 |
|a Сущинский
|b П. П.
|g Петр Петрович
|
| 712 |
0 |
2 |
|a Донской политехнический институт
|c (1907-1930)
|c (Новочеркасск)
|2 stltpush
|3 (RuTPU)RU\TPU\col\23568
|9 28365
|
| 801 |
|
1 |
|a RU
|b 63413507
|c 20200812
|
| 801 |
|
2 |
|a RU
|b 63413507
|c 20211119
|g RCR
|
| 942 |
|
|
|c BK
|